| 000 | 00626nam a2200229Ia 4500 | ||
|---|---|---|---|
| 003 | OSt | ||
| 005 | 20220926025306.0 | ||
| 006 | a|||||r|||| 00| 0 | ||
| 007 | ta | ||
| 008 | 220923b |||||||| |||| 00| 0 eng d | ||
| 020 | _a0198772483 | ||
| 037 | _cGeneral Book | ||
| 040 |
_aRTL _cRTL _beng |
||
| 041 |
_2eng _aeng |
||
| 082 | _aX61.3.N86, M6/SC | ||
| 100 |
_aKALDOR Nicholas _9126133 |
||
| 245 | 0 | _aScourge of monetarism | |
| 260 |
_aOxford _bOxford university press _c1986 |
||
| 300 |
_axxv,114p _ccm. |
||
| 942 |
_hX61.3.N86, M6/SC _cGB _2CC |
||
| 999 |
_c646757 _d646757 |
||